平壤-这座城市在历史上曾被谁统治(三) - Statistics

General Stats
  • This quiz has been taken 50 times
  • The average score is 20 of 32
Answer Stats
时间及提示 政权名称 % Correct
公元9 - 23
85%
30 - 220 东汉
85%
1948至今 朝鲜民主主义人民共和国
85%
前108 - 公元9 西汉
83%
313后一段时间 (回答“不知道”) 太守弃地跑了,鬼知道谁在统治,反正是晋人
83%
1894 - 1910 (实际控制国) 日本
83%
1910 - 1945 日本
83%
1945 - 1948 (托管国) 苏联
80%
或战国末进入半岛 - 前194 (可回答开国者) 箕子朝鲜
78%
266 - 313 西晋
78%
大概略晚于313 - 668 高句丽
76%
220 - 237 曹魏
74%
1290 - 1356 (中国王朝间接统治) 元 (征东行省)
74%
(1392)1393 - 1910 (王朝) 朝鲜王朝
74%
1897 - 1910 (国号) 大韩帝国
74%
668 - 690
72%
23 - 30 (回答“地方割据”) 王调割据乐浪郡
67%
前194 - 前108 (可回答开国者) 卫氏朝鲜
65%
238 - 266 曹魏
63%
705 - 至迟820
59%
918 - 1269,重建了城市 (王朝) 高丽王朝
57%
690 - 705 武周
54%
1290 - 1392(1393) (王朝) 高丽王朝
54%
1592 - 1593 短暂占领 日本 (丰臣秀吉)
54%
1627 短暂占领 后金
46%
至迟约820 - 或约10世纪初 (存疑,中国地方政权) 渤海
43%
1269 - 1290 元 (蒙古)
37%
或约763 - 至迟820 (方镇) 卢龙镇
28%
237 - 238 公孙燕
24%
1359 - 1360 短暂占领 (农民军政权) 韩宋 (红巾军)
20%
1196 - 1258 武臣掌政 (世族姓氏) 崔氏
15%
或约10世纪初 - 918 后高句丽 (泰封)
11%
No matching quizzes found
Score Distribution
Percent of People with Each Score
Percentile by Number Answered
Your Score History
You have not taken this quiz